| 000 | 00384nam a2200169Ia 4500 | ||
|---|---|---|---|
| 999 |
_c56689 _d56689 |
||
| 003 | 0100 | ||
| 005 | 20180214144947.0 | ||
| 008 | 130303s9999 xx 000 0 und d | ||
| 040 | _cARRUPELIB | ||
| 050 | _aDT700.V37 1949 | ||
| 100 |
_aVarley, D.H _939201 |
||
| 245 | _aAdventures in Africana / | ||
| 260 |
_aCape town _bUniversity of Cape Town _c1949 |
||
| 300 | _a46p. | ||
| 300 | _b 24cm. | ||
| 650 |
_aAfrica, South _xHistory _xBibliography _939202 |
||
| 942 |
_2lcc _cMONOGRAPH |
||